Llengua : guia didàctica : cicle inicial

Gespeichert in:
Bibliographische Detailangaben
Weitere Verfasser: Pascual, Vicent, 1944-
Format: Buch
Sprache:Spanisch
Erschienen: Barcelona : Enciclopèdia Catalana, cop. 1999
Katalog:MANES:  Suchergebnis im Bibliothekskatalog
Schulbuchspezifische Eigenschaften:
Schriftenreihe:Rodet 2000
Tags: Tag hinzufügen
Keine Tags, Fügen Sie den ersten Tag hinzu!
Hinzugefügt zu:22.09.2003
Geändert in:07.05.2025

MARC

LEADER 00000nam a2200000 a 4500
001 .b3006765
003 ES-BaCBU
005 20250507130129.0
008 030923s1999 spc||||||1 000 ||spa|c
017 |a DL B. 6752-2000 
020 |a 8441201056 
035 |a 8441201056  |9 ES-BaUB001  |a 0777-62760  |9 ES-BaUB035 
040 |a ES-BaUB  |b cat  |c ES-BaUB 
245 0 0 |a Llengua :  |b guia didàctica : cicle inicial /  |c Vicent Pascual ... [et al.] 
260 |a Barcelona :  |b Enciclopèdia Catalana,  |c cop. 1999 
300 |a 241 p., 12 fulls desplegables 
546 |a España 
561 |5 es-CRAI  |3 p1 TX EP 3/1 TEX  |a España. Biblioteca Universitat de Barcelona  |k MANES 
690 0 |a LEN 
691 0 |a PRI 
700 1 |a Pascual, Vicent,  |d 1944-  |9 32489 
830 0 |a Rodet 2000  |9 32349 
856 |y Registro en Cercabib - CRAI 
942 |2 ddc  |c BK 
999 |c 89461  |d 89461 
999 |c manes:89461  |d 89461